| 000 | 00533nam a2200193Ia 4500 | ||
|---|---|---|---|
| 999 |
_c32455 _d32455 |
||
| 003 | OSt | ||
| 005 | 20200805113317.0 | ||
| 008 | 190216s9999||||xx |||||||||||||| ||und|| | ||
| 020 | _a9788122426649 | ||
| 040 | _coclc | ||
| 082 |
_a519.2 _bMED/S |
||
| 100 |
_aMedhi, J _93972 |
||
| 245 | 0 |
_aStochastic Processes / _cJ Medhi |
|
| 250 | _a3rd Ed. | ||
| 260 |
_bNew Age International Publishers, _c2015. _aNew Delhi: |
||
| 300 | _a503p | ||
| 650 | _aMathematics | ||
| 942 |
_cBK _2ddc _h519.2 _iMED/S _k519.2 _mMED/S |
||